000 00620nam a2200193Ia 4500
003 GCL
008 140319s9999 xx 000 0 ara d
040 _aGCL /
_cGCL
082 0 4 _a863.03
_bث ط
100 1 _aسليمان العطار
245 1 0 _aطرق ضالة: خليةالنحل /
_cسليمان العطار
700 1 _aثيلا، كاميلوخوسيه
300 _a534 ص
490 _aالهيئة العامة للاستعلامات
_v0
650 0 4 _aالادب
650 0 4 _aالقصص الاسبانية المترجمة
650 0 4 _aالادب الاسبانى المترجم
942 _2ddc
_cBK
999 _c46923
_d46923